书目信息 |
| 题名: |
最新民事法律文件解读
|
|
| 作者: | 万鄂湘 , 张军 主编 | |
| 分册: | ||
| 出版信息: | 北京 人民法院出版社 2005.11 |
|
| 页数: | 140页 | |
| 开本: | 19cm | |
| 丛书名: | 最新法律文件解读丛书 | |
| 单 册: | ||
| 中图分类: | D923.05 | |
| 科图分类: | ||
| 主题词: | ||
| 电子资源: | ||
| ISBN: | 7-80161-941-2 | |
| 000 | 00801nam0 2200241 450 | |
| 001 | 0846867998 | |
| 005 | 20080110130152.99 | |
| 010 | @a7-80161-941-2@dCNY9.00 | |
| 100 | @a20080110d2005 km y0chiy0120 ea | |
| 101 | 0 | @achi |
| 102 | @aCN@b110000 | |
| 200 | 1 | @a最新民事法律文件解读@Azui xin min shi fa lu wen jian jie du@e2005.11(总第11辑)@f万鄂湘,张军主编@Fwan e xiang,zhang jun zhu bian |
| 210 | @a北京@c人民法院出版社@d2005.11 | |
| 215 | @a140页@d19cm | |
| 225 | 2 | @a最新法律文件解读丛书 |
| 410 | 0 | @12001 @a最新法律文件解读丛书 |
| 517 | 1 | @a2005.11(总第11辑)@A2005.11(zong di 11 ji) |
| 690 | @aD923.05@v4 | |
| 701 | 0 | @a万鄂湘@Awan e xiang@4主编 |
| 701 | 0 | @a张军@Azhang jun@4主编 |
| 801 | 0 | @aCN@b大连网信软件有限公司图书馆@c20080110 |
| 905 | @aBZT@dD923.05@e1 | |
| 906 | @dCNY9.00@n0@r1 | |
| 最新民事法律文件解读:2005.11(总第11辑)/万鄂湘,张军主编.-北京:人民法院出版社,2005.11 |
| 140页;19cm.-(最新法律文件解读丛书) |
| ISBN 7-80161-941-2:CNY9.00 |
| ● |
| 相关链接 |
|
|
|
正题名:最新民事法律文件解读
索取号:D923.05/1
 
预约/预借
| 序号 | 登录号 | 条形码 | 馆藏地/架位号 | 状态 | 备注 |
| 1 | 604434 | 2000604434 | 中心书库南/013架B面3层5列/ [索取号:D923.05/1] | 在馆 | |
| 2 | 604435 | 2000604435 | 中心书库南/013架B面3层5列/ [索取号:D923.05/1] | 在馆 | |
| 3 | 604436 | 2000604436 | 中心书库南/013架B面3层5列/ [索取号:D923.05/1] | 在馆 | |
| 4 | 604437 | 2000604437 | 中心书库南/013架B面3层5列/ [索取号:D923.05/1] | 在馆 | |
| 5 | 604438 | 2000604438 | 中心书库南/013架B面3层5列/ [索取号:D923.05/1] | 在馆 |